ਪੰਜਾਬੀ ਨਾਵਲ ਵਿੱਚ ਨਾਈਕ ਦੀ ਬਿੱਬ ਸਿਰਜਣਾ ਦੇ ਵਿਚਰਧਾਰਾਈ ਆਧਾਰ (Record no. 1851163)
[ view plain ]
| 000 -LEADER | |
|---|---|
| fixed length control field | 00824nam a22002057a 4500 |
| 005 - DATE AND TIME OF LATEST TRANSACTION | |
| control field | 20260511112458.0 |
| 008 - FIXED-LENGTH DATA ELEMENTS--GENERAL INFORMATION | |
| fixed length control field | 260511b |||||||| |||| 00| 0 eng d |
| 040 ## - CATALOGING SOURCE | |
| Transcribing agency | CRL |
| 041 ## - LANGUAGE CODE | |
| Language code of text | ਪੰਜਾਬੀ |
| 100 ## - MAIN ENTRY--PERSONAL NAME | |
| Student/researcher name | ਕੌਰ, ਮਨਪ੍ਰੀਤ |
| 245 ## - TITLE STATEMENT | |
| Title | ਪੰਜਾਬੀ ਨਾਵਲ ਵਿੱਚ ਨਾਈਕ ਦੀ ਬਿੱਬ ਸਿਰਜਣਾ ਦੇ ਵਿਚਰਧਾਰਾਈ ਆਧਾਰ |
| Statement of responsibility, etc. | / ਮਨਪ੍ਰੀਤ ਕੌਰ |
| 260 ## - PUBLICATION, DISTRIBUTION, ETC. | |
| Place of publication, distribution, etc. | ਦਿੱਲੀ: |
| Name of publisher, distributor, etc. | ਯੂਨੀਵਰਸਿਟੀ ਔਫ ਦਿੱਲੀ, |
| Date of publication, distribution, etc. | 2025. |
| 300 ## - PHYSICAL DESCRIPTION | |
| Extent | 274 ਪ. |
| 502 ## - Thesis Note | |
| Degree type | Ph.D. |
| Name of granting institution | University of Delhi |
| 650 ## - SUBJECT ADDED ENTRY--TOPICAL TERM | |
| LCSH or local subjects | Punjabi Literature |
| 700 ## - ADDED ENTRY--PERSONAL NAME | |
| Supervisor / Guide name | ਗੋਜਰਾ, ਕੁਲਵੀਰ |
| 710 ## - ADDED ENTRY--CORPORATE NAME | |
| Department | ਪੰਜਾਬੀ ਵਿਭਾਗ |
| 942 ## - ADDED ENTRY ELEMENTS (KOHA) | |
| Koha item type | Thesis |
| 100 ## - MAIN ENTRY--PERSONAL NAME | |
| -- | 814195 |
| 700 ## - ADDED ENTRY--PERSONAL NAME | |
| -- | 1238937 |
| 710 ## - ADDED ENTRY--CORPORATE NAME | |
| -- | 1238938 |
| 999 ## - | |
| -- | 1851163 |
| -- | 1851163 |
| Withdrawn status | Lost status | Not for loan | Home library | Current library | Date acquired | Accession Number | Koha item type |
|---|---|---|---|---|---|---|---|
| Central Library | Central Library | 2026-05-11 | TH0028502 | Thesis |
